000 01832cam a2200445 a 4500
001 14165486
005 20170105102840.0
008 051107s2005 enka b 000 0 eng d
010 _a 2005620670
020 _a1844072304
035 _a(DLC)2005620670
035 _a(DLC)3120
035 _a(OCoLC)ocm60821474
040 _aBID
_cBID
_dTXA
_dBAKER
_dDLC
042 _alccopycat
043 _ad------
050 0 0 _aHV4173
_b.H66 2005
082 0 0 _a307.3364
_222
245 0 2 _aA home in the city /
_clead authors, Pietro Garau, Elliott D. Sclar, Gabriella Y. Carolini.
246 1 8 _aTask Force on Improving the Lives of Slum Dwellers
260 _aLondon :
_aSterling, Va. :
_bEarthscan,
_cc2005.
300 _axxi, 158 p. :
_bill. ;
_c26 cm.
500 _a"UN Millennium Project 2005, Task Force on Improving the Lives of Slum Dwellers."
500 _aSposored by the United Nations Development Programme on behalf of the UN Development Group.
504 _aIncludes bibliographical references (p. [147]-158).
538 _aAlso available in pdf format on the World Wide Web.
650 0 _aUrban poor
_zDeveloping countries
_xSocial conditions.
650 0 _aUrban poor
_zDeveloping countries
_xEconomic conditions.
650 0 _aSlums
_zDeveloping countries.
650 0 _aCommunity development, Urban
_zDeveloping countries.
650 0 _aUrban policy
_zDeveloping countries.
700 1 _aGarau, Pietro,
_d1942-
700 1 _aSclar, Elliott.
700 1 _aCarolini, Gabriella Y.
710 2 _aUN Millennium Project.
_bTask Force on Improving the Lives of Slum Dwellers.
856 _uhttp://www.unmillenniumproject.org/documents/Slumdwellers-complete.pdf
906 _a7
_bcbc
_ccopycat
_d2
_encip
_f20
_gy-gencatlg
942 _2ddc
_cBK
999 _c13841
_d13841